| 000 | 00709nam a22002417a 4500 | ||
|---|---|---|---|
| 005 | 20170124110029.0 | ||
| 010 | _a187760 | ||
| 020 | _c00.00 | ||
| 035 | _a187760 | ||
| 037 | _bCen Lib/Ret | ||
| 040 |
_aDPL _bEN |
||
| 082 |
_a407 _bUPA |
||
| 100 |
_aUpasak, Chandrika Singh _921313 |
||
| 245 |
_aThe history and pal eography of mauryan brahmi script / _cby Chandrika Singh Upasak |
||
| 260 |
_aPatna _bNava Nalnda Mahavihara _c1959 |
||
| 270 |
_aPatna _bPatna |
||
| 300 |
_ax,344p. _c23cm(Hb) |
||
| 500 | _aIncludes bibliographical reference and index | ||
| 650 |
_aPalaeography _921314 |
||
| 650 |
_aAshoka Brahmi _921315 |
||
| 700 | _920986 | ||
| 942 |
_2ddc _cEN _h407 _mUPA |
||
| 999 |
_c127713 _d127713 |
||